[Event "Bundesliga 2017/18"]
[Site "Schwegenheim GER"]
[Date "2018.03.10"]
[EventDate "2017.10.21"]
[Round "11.6"]
[Result "0-1"]
[White "David Navara"]
[Black "Maxime Vachier-Lagrave"]
[WhiteElo "2726"]
[BlackElo "2794"]
[PlyCount "76"]

1. d4 Nf6 2. c4 g6 3. Nc3 d5 4. Nf3 Bg7 5. Qb3 dxc4 6. Qxc4
O-O 7. e4 Nc6 8. Be2 e5 9. d5 Nd4 10. Nxd4 exd4 11. Qxd4 c6
12. Qc4 b5 13. Qxc6 Bd7 14. Qd6 Re8 15. Bd3 a5 16. f3 b4
17. Ne2 Bf8 18. Qg3 Qb6 19. Bg5 Rac8 20. Qf2 Bc5 21. Qh4 Nxd5
22. Bc4 h6 23. Bxd5 hxg5 24. Qxg5 Bf2+ 25. Kf1 Bb5 26. Qd2 Be3
27. Qd1 Qf6 28. Ke1 a4 29. Rb1 Rc7 30. b3 a3 31. f4 Rec8
32. e5 Qf5 33. Bc4 Rd7 34. Bxb5 Rxd1+ 35. Rxd1 Qc2 36. e6 fxe6
37. Bd7 Rc3 38. Bxe6+ Kf8 0-1

[Event "Bundesliga 2017/18"]
[Site "Schwegenheim GER"]
[Date "2018.03.11"]
[EventDate "2017.10.21"]
[Round "12.5"]
[Result "1/2-1/2"]
[White "Maxime Vachier-Lagrave"]
[Black "Alexander Areshchenko"]
[WhiteElo "2794"]
[BlackElo "2645"]
[PlyCount "54"]

1. e4 c5 2. Nf3 d6 3. d4 cxd4 4. Nxd4 Nf6 5. Nc3 a6 6. g3 e5
7. Nb3 Be7 8. Bg2 b5 9. O-O Nbd7 10. a4 b4 11. Na2 a5 12. c3
bxc3 13. Nxc3 O-O 14. Nb5 Ba6 15. Re1 Bxb5 16. axb5 a4 17. Nd2
Qb8 18. b3 axb3 19. Rxa8 Qxa8 20. Nxb3 Rb8 21. Qd3 Bd8 22. Bf1
d5 23. exd5 e4 24. Qd1 Ne5 25. Be2 Bb6 26. Bb2 Re8 27. Bd4
Nxd5 1/2-1/2

[Event "Bundesliga 2017/18"]
[Site "Berlin GER"]
[Date "2018.04.29"]
[EventDate "2017.10.21"]
[Round "13.8"]
[Result "1-0"]
[White "Maxime Vachier-Lagrave"]
[Black "David Howell"]
[WhiteElo "2794"]
[BlackElo "2698"]
[PlyCount "151"]

1. e4 e5 2. Nf3 Nc6 3. Bb5 Nf6 4. O-O Nxe4 5. d4 Nd6 6. Bxc6
dxc6 7. dxe5 Nf5 8. Qxd8+ Kxd8 9. h3 Ne7 10. Rd1+ Ke8 11. Nc3
Ng6 12. Nd4 Bd7 13. f4 Rd8 14. Be3 h5 15. Rd2 Be7 16. Rad1 a6
17. Ne4 Nh4 18. Bf2 Ng6 19. Bg3 h4 20. Bh2 c5 21. Nf3 Nf8
22. Kf2 Rh5 23. Nc3 Bf5 24. Nd5 Ne6 25. c4 b5 26. Nxe7 Rxd2+
27. Rxd2 Kxe7 28. cxb5 axb5 29. Ke3 g5 30. Nxg5 Nxg5 31. fxg5
Rxg5 32. Kf4 Rh5 33. Rd5 c6 34. Rxc5 Kd7 35. b3 Be6 36. Rc2
Rf5+ 37. Ke3 Rg5 38. Bf4 Rg6 39. Kf2 f6 40. exf6 Rxf6 41. Rd2+
Ke7 42. g3 Bxh3 43. gxh4 Rxf4+ 44. Kg3 Rf1 45. Kxh3 c5 46. Rc2
Kd6 47. h5 Kd5 48. Rh2 c4 49. h6 c3 50. h7 Rf8 51. Kg4 Rh8
52. Kf5 Kd4 53. Kg6 Kd3 54. a4 bxa4 55. bxa4 c2 56. Rxc2 Kxc2
57. Kg7 Ra8 58. h8=Q Rxa4 59. Kf6 Re4 60. Kf5 Kd3 61. Qh1 Re8
62. Qd5+ Ke3 63. Qc5+ Kd2 64. Kf4 Re1 65. Qb4+ Ke2 66. Qc3
Rf1+ 67. Ke4 Kf2 68. Qf3+ Kg1 69. Qg3+ Kh1 70. Ke3 Rf8 71. Qg7
Rf1 72. Ke2 Rg1 73. Qh8+ Kg2 74. Qh4 Ra1 75. Qg5+ Kh3 76. Qh6+
1-0

[Event "Bundesliga 2017/18"]
[Site "Berlin GER"]
[Date "2018.04.30"]
[EventDate "2017.10.21"]
[Round "14.8"]
[Result "0-1"]
[White "Adam Horvath"]
[Black "Maxime Vachier-Lagrave"]
[WhiteElo "2459"]
[BlackElo "2794"]
[PlyCount "182"]

1. e4 c5 2. Nf3 d6 3. d4 cxd4 4. Nxd4 Nf6 5. Nc3 a6 6. Be2 e5
7. Nb3 Be7 8. Bg5 Be6 9. Bxf6 Bxf6 10. Qd3 Be7 11. Nd5 Nd7
12. Rd1 Bxd5 13. Qxd5 Qc7 14. c3 Nf6 15. Qd3 O-O 16. O-O b5
17. Rfe1 Rfd8 18. Bf3 Rab8 19. Nd2 Nd7 20. Nf1 Nc5 21. Qe2 Bg5
22. Ne3 Bxe3 23. Qxe3 b4 24. Rd2 a5 25. Red1 bxc3 26. Qxc3 a4
27. Qc2 Rb6 28. Be2 Rdb8 29. b3 axb3 30. axb3 g6 31. Bc4 Kg7
32. g3 Rc8 33. Bd5 Qb8 34. Qa2 Rb4 35. Qa3 Rd8 36. Re2 Rd7
37. Re3 Ra7 38. Qb2 Na4 39. Qe2 Nb6 40. Red3 Rc7 41. h4 h5
42. Qd2 Nxd5 43. Rxd5 Rxe4 44. Rxd6 Qxb3 45. Rd8 Rc3 46. Kg2
Rg4 47. Rd3 Qb7+ 48. Kh2 Rcc4 49. Qe2 Rge4 50. Re3 Rxe3
51. Qxe3 Qb5 52. Rd6 Qc5 53. Qxc5 Rxc5 54. Kg2 Kf8 55. Rd7 Kg7
56. Rd6 Rc3 57. Ra6 Rd3 58. Rb6 Rd4 59. Kf3 Rg4 60. Ra6 g5
61. hxg5 Rxg5 62. Ke4 f6 63. Ra8 h4 64. gxh4 Rg4+ 65. Ke3 Rxh4
66. f3 Rb4 67. Ra6 Kg6 68. Ra5 Kg5 69. Ra8 Rb3+ 70. Kf2 f5
71. Ra4 Rb2+ 72. Kg3 Rb3 73. Kf2 Rb2+ 74. Kg3 f4+ 75. Kh3 Rf2
76. Ra3 Kf6 77. Ra6+ Kf5 78. Ra3 Ke6 79. Ra6+ Kd5 80. Kg4 Re2
81. Kf5 Kd4 82. Ra4+ Kd3 83. Ra3+ Kd2 84. Ra2+ Ke1 85. Ra1+
Kf2 86. Kg4 Kg2 87. Ra3 Kh2 88. Ra5 Rg2+ 89. Kf5 Kg3 90. Kxe5
Kxf3 91. Kf5 Kg3 0-1

[Event "Norway Chess (Blitz)"]
[Site "Stavanger NOR"]
[Date "2018.05.27"]
[EventDate "2018.05.27"]
[Round "1.4"]
[Result "1-0"]
[White "Maxime Vachier-Lagrave"]
[Black "Fabiano Caruana"]
[WhiteElo "2789"]
[BlackElo "2822"]
[PlyCount "71"]

1. b3 e5 2. Bb2 Nc6 3. e3 g6 4. c4 Bg7 5. Nc3 Nge7 6. Nf3 O-O
7. Be2 d5 8. cxd5 Nxd5 9. Nxd5 Qxd5 10. O-O e4 11. Bxg7 Kxg7
12. Ne1 Bf5 13. d3 exd3 14. Nxd3 Rfd8 15. Nf4 Qe5 16. Qc1 Nb4
17. a3 Nd5 18. Bf3 c6 19. Qc5 Qc3 20. Qxc3+ Nxc3 21. Rfc1 Ne4
22. Bxe4 Bxe4 23. f3 Bd5 24. e4 Bxb3 25. Rab1 Ba4 26. Rxb7 Rd2
27. Ne6+ Kg8 28. Nc5 Bd1 29. e5 Rad8 30. Ne4 Re2 31. e6 fxe6
32. Nf6+ Kf8 33. Nxh7+ Kg8 34. Nf6+ Kf8 35. Nd7+ Kg8 36. Rxd1
1-0

[Event "Norway Chess (Blitz)"]
[Site "Stavanger NOR"]
[Date "2018.05.27"]
[EventDate "2018.05.27"]
[Round "2.5"]
[Result "1/2-1/2"]
[White "Maxime Vachier-Lagrave"]
[Black "Ding Liren"]
[WhiteElo "2789"]
[BlackElo "2791"]
[PlyCount "123"]

1. d4 Nf6 2. c4 e6 3. Nc3 Bb4 4. e3 O-O 5. Bd3 d5 6. Ne2 dxc4
7. Bxc4 c5 8. O-O cxd4 9. exd4 Nc6 10. a3 Bd6 11. h3 b6
12. Bg5 Bb7 13. d5 exd5 14. Bxd5 Be7 15. Bf3 h6 16. Bf4 Na5
17. Bxb7 Nxb7 18. Rc1 Nc5 19. Nd4 Rc8 20. Nf5 Re8 21. Qf3 Qd7
22. Bxh6 Bf8 23. Rfd1 Qc6 24. Qxc6 Rxc6 25. Be3 Nb3 26. Nd4
Nxd4 27. Bxd4 Rec8 28. Bxf6 Rxf6 29. Ne4 Rfc6 30. Rxc6 Rxc6
31. g4 Rc2 32. Rd2 Rc4 33. Re2 Be7 34. Kg2 g6 35. Kf3 Kg7
36. Ke3 f5 37. Nd2 Bc5+ 38. Kf3 Rc2 39. Nb3 Rxe2 40. Kxe2 Bd6
41. Nc1 Kf6 42. Nd3 fxg4 43. hxg4 Ke6 44. Ke3 Kd5 45. Nf4+ Kc4
46. Nxg6 Kb3 47. f4 Kxb2 48. f5 Kxa3 49. f6 b5 50. f7 b4
51. Ne5 Ka2 52. Nc4 Bf8 53. g5 b3 54. g6 a5 55. Kd3 b2 56. Nd2
b1=Q+ 57. Nxb1 Kxb1 58. Kc4 a4 59. g7 Bxg7 60. Kb4 Kb2
61. f8=Q Bxf8+ 62. Kxa4 1/2-1/2

[Event "Norway Chess (Blitz)"]
[Site "Stavanger NOR"]
[Date "2018.05.27"]
[EventDate "2018.05.27"]
[Round "4.1"]
[Result "1/2-1/2"]
[White "Maxime Vachier-Lagrave"]
[Black "Magnus Carlsen"]
[WhiteElo "2789"]
[BlackElo "2843"]
[PlyCount "71"]

1. Nf3 d5 2. g3 g6 3. Bg2 Bg7 4. d4 Nd7 5. O-O Ngf6 6. a4 a5
7. Bf4 O-O 8. c3 b6 9. Re1 Bb7 10. Na3 Ne4 11. Nd2 e5 12. dxe5
Nxe5 13. Nxe4 dxe4 14. Qc2 f5 15. Rad1 Qe7 16. Nb5 Rae8 17. b4
Qf7 18. bxa5 bxa5 19. c4 h6 20. c5 Re7 21. Bxe5 Bxe5 22. e3
Bd5 23. Bf1 Bb3 24. Qc1 Kg7 25. Rd2 Bxa4 26. Nd4 Be8 27. Qa3
a4 28. c6 Bxd4 29. Rxd4 Bxc6 30. Rc1 Be8 31. Rc5 Qf6 32. Bb5
Bf7 33. Rc6 Qe5 34. Rc5 Qf6 35. Rc6 Qe5 36. Rc5 1/2-1/2

[Event "Norway Chess (Blitz)"]
[Site "Stavanger NOR"]
[Date "2018.05.27"]
[EventDate "2018.05.27"]
[Round "5.2"]
[Result "0-1"]
[White "Levon Aronian"]
[Black "Maxime Vachier-Lagrave"]
[WhiteElo "2764"]
[BlackElo "2789"]
[PlyCount "89"]

1. e4 c5 2. Nf3 d6 3. c3 Nf6 4. Be2 Bd7 5. d3 g6 6. O-O Bg7
7. Be3 O-O 8. Nbd2 Nc6 9. h3 e5 10. a3 b6 11. b4 Nh5 12. Re1
Nf4 13. Bf1 Ne6 14. Nc4 Qc7 15. Bd2 f5 16. Ne3 Ne7 17. a4 Rae8
18. Rb1 Qc6 19. a5 f4 20. Nc2 g5 21. axb6 axb6 22. bxc5 bxc5
23. d4 cxd4 24. cxd4 exd4 25. Bb4 Qb6 26. Na3 Qc7 27. Bc4 Kh8
28. Bxe6 Bxe6 29. Nb5 Qd7 30. Nxd6 Rb8 31. Bc5 Rxb1 32. Qxb1
g4 33. hxg4 Bxg4 34. Nxd4 f3 35. e5 fxg2 36. e6 Qc7 37. Nf7+
Kg8 38. Ng5 Bf5 39. Nxf5 Rxf5 40. Bxe7 Qf4 41. Qc2 Bd4 42. Nh3
Qg4 43. Qd3 Rf3 44. Qxf3 Qxf3 45. Bg5 0-1

[Event "Norway Chess (Blitz)"]
[Site "Stavanger NOR"]
[Date "2018.05.27"]
[EventDate "2018.05.27"]
[Round "7.3"]
[Result "1/2-1/2"]
[White "Sergey Karjakin"]
[Black "Maxime Vachier-Lagrave"]
[WhiteElo "2782"]
[BlackElo "2789"]
[PlyCount "58"]

1. b3 b6 2. Bb2 Bb7 3. Nf3 Nf6 4. g3 e6 5. Bg2 Be7 6. O-O O-O
7. c4 c5 8. Re1 d5 9. cxd5 Nxd5 10. Nc3 Nxc3 11. Bxc3 Nc6
12. d4 Bf6 13. Rc1 Nxd4 14. Nxd4 Bxg2 15. Nxe6 fxe6 16. Kxg2
Qxd1 17. Rexd1 Rad8 18. Bxf6 gxf6 19. Kf3 Kf7 20. Rxd8 Rxd8
21. b4 cxb4 22. Rc7+ Kg6 23. Rxa7 Rd5 24. Re7 e5 25. Rb7 b3
26. axb3 Rb5 27. e4 Rxb3+ 28. Kg2 Rb4 29. h4 Rxe4 1/2-1/2

[Event "Norway Chess (Blitz)"]
[Site "Stavanger NOR"]
[Date "2018.05.27"]
[EventDate "2018.05.27"]
[Round "9.5"]
[Result "1/2-1/2"]
[White "Wesley So"]
[Black "Maxime Vachier-Lagrave"]
[WhiteElo "2778"]
[BlackElo "2789"]
[PlyCount "124"]

1. d4 Nf6 2. c4 g6 3. g3 Bg7 4. Bg2 O-O 5. Nc3 Nc6 6. Nf3 d5
7. cxd5 Nxd5 8. O-O Bf5 9. Nh4 Be6 10. Nf3 Nb6 11. e3 Bc4
12. Re1 e5 13. Nxe5 Nxe5 14. dxe5 Bxe5 15. Bxb7 Rb8 16. Bg2
Qe7 17. e4 Rfd8 18. Nd5 Nxd5 19. exd5 Qf6 20. Qc2 Bxb2 21. Rb1
Bd4 22. Be3 Bxe3 23. Rxe3 Rxb1+ 24. Qxb1 Bxd5 25. Bxd5 Rxd5
26. Qb8+ Kg7 27. Qxa7 Rd1+ 28. Kg2 Qc6+ 29. Kh3 Rd2 30. Re7
Qf6 31. Qxc7 Qf5+ 32. g4 Qxf2 33. Qe5+ Kh6 34. Qe3+ Qxe3+
35. Rxe3 Rxa2 36. Kg3 Kg7 37. h4 Ra5 38. g5 h6 39. Kg4 Ra4+
40. Kg3 h5 41. Kh3 Kf8 42. Kg3 Rd4 43. Kh3 Rd6 44. Kg3 Re6
45. Ra3 Re4 46. Kh3 Ke7 47. Kg3 Rg4+ 48. Kh3 Rd4 49. Re3+ Kd6
50. Rf3 Ke6 51. Rf6+ Ke7 52. Rf3 Rd7 53. Kg3 Ke6 54. Rf6+ Ke5
55. Rf3 Ke4 56. Rf4+ Ke3 57. Rf3+ Kd4 58. Rf4+ Kc3 59. Rf6 Re7
60. Rf3+ Kd4 61. Rf4+ Kd3 62. Rf6 Re3+ 1/2-1/2

[Event "Norway Chess"]
[Site "Stavanger NOR"]
[Date "2018.05.29"]
[EventDate "2018.05.28"]
[Round "2.3"]
[Result "1/2-1/2"]
[White "Ding Liren"]
[Black "Maxime Vachier-Lagrave"]
[WhiteElo "2791"]
[BlackElo "2789"]
[PlyCount "85"]

1. d4 Nf6 2. c4 g6 3. Nf3 Bg7 4. e3 O-O 5. Be2 d6 6. Nc3 Bf5
7. O-O a5 8. d5 Na6 9. Nd4 Bd7 10. e4 Nc5 11. f3 e5 12. dxe6
fxe6 13. Be3 Nh5 14. g3 e5 15. Ndb5 Bh3 16. Rf2 Rf7 17. Qd2
Qf8 18. Bf1 Bxf1 19. Raxf1 Rd8 20. Ne2 c6 21. Nbc3 Nf6 22. Rd1
Rfd7 23. b3 Qf7 24. Rff1 Bf8 25. Kg2 d5 26. cxd5 cxd5 27. Nxd5
Nxd5 28. exd5 Rxd5 29. Qc2 Rxd1 30. Rxd1 e4 31. fxe4 Rxd1
32. Qxd1 Nxe4 33. Qd3 Nc5 34. Bxc5 Bxc5 35. Nf4 a4 36. h4 axb3
37. axb3 b6 38. h5 gxh5 39. Qd8+ Kg7 40. Qg5+ Kf8 41. Qd8+ Kg7
42. Qg5+ Kf8 43. Qd8+ 1/2-1/2

[Event "Norway Chess"]
[Site "Stavanger NOR"]
[Date "2018.05.30"]
[EventDate "2018.05.28"]
[Round "3.2"]
[Result "1/2-1/2"]
[White "Maxime Vachier-Lagrave"]
[Black "Fabiano Caruana"]
[WhiteElo "2789"]
[BlackElo "2822"]
[PlyCount "80"]

1. e4 e5 2. Nf3 Nf6 3. Nxe5 d6 4. Nf3 Nxe4 5. d4 d5 6. Bd3 Bd6
7. O-O O-O 8. c4 c6 9. Nc3 Nxc3 10. bxc3 dxc4 11. Bxc4 Bf5
12. Ng5 h6 13. Qf3 Bg6 14. Ne4 Bxh2+ 15. Kxh2 Qh4+ 16. Qh3
Qxh3+ 17. gxh3 Bxe4 18. Rg1 Re8 19. Bxh6 g6 20. Rge1 Nd7
21. Bf1 Bf5 22. c4 Nf6 23. a4 Rad8 24. Bg5 Kg7 25. Rxe8 Rxe8
26. a5 Rd8 27. Be3 a6 28. Ra4 Ng8 29. Rb4 Rd7 30. Bg2 Ne7
31. h4 Be6 32. Be4 Nf5 33. d5 cxd5 34. cxd5 Bxd5 35. Bxf5 gxf5
36. Rd4 Bc6 37. Rxd7 Bxd7 38. h5 Kh7 39. Kg3 Be6 40. Kf4 Bd7
1/2-1/2

[Event "Norway Chess"]
[Site "Stavanger NOR"]
[Date "2018.06.02"]
[EventDate "2018.05.28"]
[Round "5.4"]
[Result "1/2-1/2"]
[White "Maxime Vachier-Lagrave"]
[Black "Levon Aronian"]
[WhiteElo "2789"]
[BlackElo "2764"]
[PlyCount "49"]

1. d4 Nf6 2. c4 e6 3. Nc3 Bb4 4. Nf3 c5 5. g3 cxd4 6. Nxd4 O-O
7. Bg2 d5 8. cxd5 Nxd5 9. Qb3 Nc6 10. Nxc6 bxc6 11. O-O Rb8
12. Qc2 Ba6 13. Rd1 Bxc3 14. bxc3 Qa5 15. Bb2 Bc4 16. Rd4 Qa6
17. e4 Nb6 18. a4 e5 19. Rd2 Qa5 20. Rd6 c5 21. Bh3 Nc8
22. Rd2 Nb6 23. Rd6 Nc8 24. Rd2 Nb6 25. Rd6 1/2-1/2

[Event "Norway Chess"]
[Site "Stavanger NOR"]
[Date "2018.06.06"]
[EventDate "2018.05.28"]
[Round "8.2"]
[Result "1/2-1/2"]
[White "Wesley So"]
[Black "Maxime Vachier-Lagrave"]
[WhiteElo "2778"]
[BlackElo "2789"]
[PlyCount "159"]

1. e4 c5 2. Nf3 d6 3. d4 cxd4 4. Nxd4 Nf6 5. Nc3 a6 6. Be2 e5
7. Nf3 Be7 8. Bg5 Nbd7 9. a4 h6 10. Be3 Ng4 11. Bc1 Ngf6
12. Nd2 Nc5 13. O-O Qc7 14. a5 Be6 15. Re1 O-O 16. Bf3 Rad8
17. Nd5 Nxd5 18. exd5 Bf5 19. b4 Nd7 20. c4 Bg5 21. Be2 e4
22. Nb3 Bf6 23. Nd4 Bg6 24. Be3 Ne5 25. Qb3 Nd3 26. Red1 Rfe8
27. Ra2 Qe7 28. Nc2 Rc8 29. Ne1 Bg5 30. Bxg5 hxg5 31. Raa1 Qc7
32. Nxd3 exd3 33. Bxd3 Bxd3 34. Qxd3 Qxc4 35. Qd2 Re2 36. Qxg5
Qxb4 37. h3 Re5 38. Qd2 Qxd2 39. Rxd2 Rc5 40. Rb2 Re7 41. Rab1
Rxa5 42. Rxb7 Rxb7 43. Rxb7 Rxd5 44. Kf1 g6 45. Ke2 Kg7 46. h4
a5 47. Ra7 Kf6 48. g4 Rd4 49. h5 a4 50. f3 gxh5 51. gxh5 Rh4
52. h6 Rxh6 53. Rxa4 Ke5 54. Re4+ Kf5 55. Rd4 Re6+ 56. Kd3 f6
57. Kd2 Kg6 58. Rg4+ Kf7 59. Rf4 Re5 60. Rd4 d5 61. Ra4 Kg6
62. Ra6 Kf5 63. Rd6 Re6 64. Rxd5+ Kf4 65. Kd3 Kxf3 66. Rf5+
Kg4 67. Rf1 f5 68. Rg1+ Kf4 69. Rf1+ Kg5 70. Rg1+ Kf6 71. Rf1
Re8 72. Kd4 Re5 73. Rh1 Re2 74. Kd3 Re8 75. Rf1 Kg5 76. Rg1+
Kh4 77. Rf1 Kg4 78. Rg1+ Kh3 79. Rf1 Re5 80. Kd4 1/2-1/2

[Event "Your Next Move (Rapid)"]
[Site "Leuven BEL"]
[Date "2018.06.12"]
[EventDate "2018.06.12"]
[Round "1"]
[Result "1/2-1/2"]
[White "Maxime Vachier-Lagrave"]
[Black "Sergey Karjakin"]
[WhiteElo "2789"]
[BlackElo "2782"]
[PlyCount "207"]

1. e4 e5 2. Nf3 Nc6 3. Bc4 Bc5 4. c3 Nf6 5. d3 d6 6. O-O a6
7. a4 h6 8. Re1 O-O 9. h3 a5 10. Nbd2 Be6 11. Bb5 Na7 12. d4
Nxb5 13. axb5 exd4 14. Nxd4 Bd7 15. Nf1 Re8 16. Ng3 c6
17. bxc6 Bxc6 18. Nxc6 bxc6 19. Bf4 Qb6 20. Qc2 Rab8 21. Re2
Re6 22. Rae1 Rbe8 23. Qd3 Qb5 24. Qxb5 cxb5 25. Kf1 a4 26. f3
Nd7 27. Nf5 Ne5 28. Be3 Nc4 29. Bd4 Bxd4 30. Nxd4 Re5 31. Nc6
Rc5 32. Nb4 g6 33. Kf2 Kg7 34. g4 Ra8 35. Ra1 Re8 36. Rae1 Ra8
37. Nd5 Rc6 38. Ra1 Nb6 39. Nb4 Rc5 40. Rd1 a3 41. bxa3 Rxc3
42. Rxd6 Nc4 43. Rd3 Rxd3 44. Nxd3 Rxa3 45. Nb4 Kf6 46. e5+
Ke6 47. Nc2 Rd3 48. f4 h5 49. f5+ gxf5 50. gxh5 f4 51. h4 Nxe5
52. h6 Kf6 53. h7 Ng4+ 54. Ke1 Kg7 55. Re4 Ne3 56. Ke2 Rd5
57. Nd4 Nf5 58. Nxf5+ Rxf5 59. Kf3 Kxh7 60. Re8 Kg6 61. Rb8
Rc5 62. Kxf4 Rc4+ 63. Kg3 b4 64. Rb5 Rc3+ 65. Kf4 Rc4+ 66. Kg3
Rc3+ 67. Kf4 Rb3 68. h5+ Kh6 69. Rf5 Rb1 70. Ke3 b3 71. Kd2
Kg7 72. Rf3 b2 73. Kc2 Rh1 74. Kxb2 Rxh5 75. Kc3 Rd5 76. Kc4
Rd8 77. Rg3+ Kh6 78. Rf3 Kg6 79. Rg3+ Kh5 80. Rf3 Rd7 81. Rf1
Kg4 82. Rg1+ Kf3 83. Rf1+ Ke4 84. Re1+ Kf4 85. Rf1+ Ke5
86. Re1+ Kf5 87. Rf1+ Kg6 88. Rg1+ Kh7 89. Rh1+ Kg7 90. Rg1+
Kf8 91. Rf1 Rd6 92. Kc5 Rd2 93. Kc4 Rd8 94. Kc5 Kg7 95. Rg1+
Kh6 96. Rh1+ Kg5 97. Rg1+ Kh6 98. Rh1+ Kg7 99. Rg1+ Kf8
100. Rf1 Rd2 101. Kc4 Ke7 102. Re1+ Kd6 103. Rf1 Ke6 104. Re1+
1/2-1/2

[Event "Your Next Move (Rapid)"]
[Site "Leuven BEL"]
[Date "2018.06.12"]
[EventDate "2018.06.12"]
[Round "2"]
[Result "1/2-1/2"]
[White "Fabiano Caruana"]
[Black "Maxime Vachier-Lagrave"]
[WhiteElo "2816"]
[BlackElo "2789"]
[PlyCount "86"]

1. d4 Nf6 2. c4 g6 3. Nf3 Bg7 4. e3 O-O 5. Be2 c5 6. d5 d6
7. Nc3 e6 8. O-O exd5 9. cxd5 Na6 10. Nd2 Re8 11. e4 Rb8
12. a4 Nb4 13. f3 Nd7 14. Kh1 a6 15. a5 b5 16. axb6 Nxb6
17. Nb3 Bd7 18. Bf4 Qe7 19. Qd2 c4 20. Na5 Rec8 21. Rfd1 h5
22. Be3 h4 23. h3 f5 24. Nc6 Bxc6 25. dxc6 Rxc6 26. Ra5 fxe4
27. fxe4 Nd3 28. Rxa6 Qb7 29. Ra5 Nd7 30. Nd5 N7c5 31. Bxc5
Rxc5 32. Bxd3 Rxa5 33. Bxc4 Rc5 34. b3 Rxc4 35. bxc4 Qb3
36. Ne3 Rf8 37. Qe2 Rf4 38. Ng4 Rxe4 39. Qxe4 Qxd1+ 40. Kh2
Qd4 41. Qxd4 Bxd4 42. g3 hxg3+ 43. Kxg3 Kf7 1/2-1/2

[Event "Your Next Move (Rapid)"]
[Site "Leuven BEL"]
[Date "2018.06.12"]
[EventDate "2018.06.12"]
[Round "3"]
[Result "1/2-1/2"]
[White "Maxime Vachier-Lagrave"]
[Black "Wesley So"]
[WhiteElo "2789"]
[BlackElo "2778"]
[PlyCount "88"]

1. d4 Nf6 2. c4 e6 3. Nc3 Bb4 4. Nf3 O-O 5. Bg5 c5 6. e3 cxd4
7. exd4 h6 8. Bh4 d5 9. Be2 dxc4 10. O-O Nc6 11. Bxc4 Be7
12. Rc1 b6 13. a3 Bb7 14. Re1 Nh5 15. Bg3 Nxg3 16. hxg3 Bf6
17. d5 Na5 18. Ba2 Bxc3 19. Rxc3 Bxd5 20. Bxd5 Qxd5 21. Qxd5
exd5 22. Rd1 Nc4 23. Rxd5 Nxb2 24. Rc7 Rad8 25. Rxd8 Rxd8
26. Ne5 a5 27. Nxf7 Rd5 28. f4 Nd3 29. Re7 b5 30. Ne5 Nxe5
31. fxe5 Rd3 32. e6 Kf8 33. Rb7 Rxa3 34. Rxb5 a4 35. Rb4 Ke7
36. Re4 h5 37. g4 h4 38. g5 Ra1+ 39. Kh2 a3 40. Rxh4 Kxe6
41. Ra4 g6 42. Kg3 Kf5 43. Ra5+ Ke4 44. Ra6 Kf5 1/2-1/2

[Event "Your Next Move (Rapid)"]
[Site "Leuven BEL"]
[Date "2018.06.13"]
[EventDate "2018.06.12"]
[Round "4"]
[Result "1/2-1/2"]
[White "Maxime Vachier-Lagrave"]
[Black "Alexander Grischuk"]
[WhiteElo "2789"]
[BlackElo "2766"]
[PlyCount "123"]

1. e4 e5 2. Nf3 Nc6 3. Bb5 Nf6 4. d3 Bc5 5. O-O d6 6. c3 O-O
7. Nbd2 Ne7 8. d4 exd4 9. cxd4 Bb6 10. Re1 Bg4 11. h3 Bh5
12. Qb3 a6 13. Bd3 Nc6 14. d5 Nd4 15. Nxd4 Bxd4 16. Bc2 Nd7
17. g4 Bg6 18. Nf3 Bb6 19. Bg5 Qb8 20. Be3 Bxe3 21. Qxe3 Re8
22. Rad1 h6 23. Kg2 Qd8 24. Qd4 Rc8 25. Re3 Ne5 26. Nxe5 dxe5
27. Qd2 Qd6 28. Rb3 c6 29. Rxb7 cxd5 30. Ba4 d4 31. f3 Rb8
32. Rxb8 Rxb8 33. Rc1 a5 34. Bb3 Qb6 35. Rc4 Kh7 36. Ra4 Ra8
37. Bd5 Ra7 38. b4 axb4 39. Qxb4 Qxb4 40. Rxb4 f6 41. Rb7 Rxb7
42. Bxb7 Be8 43. Kf2 Kg8 44. Bd5+ Kf8 45. h4 Ke7 46. Ke2 Kd6
47. a3 Kc5 48. Bb3 Bb5+ 49. Kd2 Bf1 50. Bf7 Kb5 51. Be8+ Ka5
52. h5 Bb5 53. Bxb5 Kxb5 54. Kc1 Ka4 55. Kb2 Ka5 56. Kc2 Kb6
57. Kd1 Kc5 58. Kd2 Kb5 59. Kc1 Kc6 60. Kc2 Kb6 61. Kd1 Kc5
62. Kd2 1/2-1/2

[Event "Your Next Move (Rapid)"]
[Site "Leuven BEL"]
[Date "2018.06.13"]
[EventDate "2018.06.12"]
[Round "6"]
[Result "1-0"]
[White "Maxime Vachier-Lagrave"]
[Black "Viswanathan Anand"]
[WhiteElo "2789"]
[BlackElo "2759"]
[PlyCount "101"]

1. e4 e5 2. Nf3 Nc6 3. Bb5 Nf6 4. O-O Nxe4 5. d4 Nd6 6. Bxc6
dxc6 7. dxe5 Nf5 8. Qxd8+ Kxd8 9. h3 Ke8 10. Nc3 b6 11. Bf4
Bb4 12. Ne4 Ba6 13. Rfc1 Be2 14. Nh2 Bc4 15. Rd1 Bd5 16. c3
Bxe4 17. cxb4 Rd8 18. e6 fxe6 19. Bxc7 Rxd1+ 20. Rxd1 Bd5
21. a3 Ke7 22. Be5 h5 23. f3 Kf7 24. Kf2 Rc8 25. g4 Ne7
26. gxh5 Rh8 27. Rg1 Rxh5 28. Rxg7+ Kf8 29. Bf6 Rxh3 30. Kg2
Rh6 31. Rxe7 Rxf6 32. Rxa7 Rf4 33. Kg3 e5 34. Rh7 Rd4 35. Ng4
e4 36. fxe4 Bxe4 37. Rb7 b5 38. Nf6 Bf5 39. Rc7 Rd6 40. Kf4
Rxf6 41. Kg5 Rd6 42. Kxf5 Ke8 43. Ke5 Rh6 44. b3 Kd8 45. Rf7
Kc8 46. a4 Kb8 47. a5 Rh3 48. Kd6 Rc3 49. a6 Ka8 50. Rc7 Kb8
51. Rxc6 1-0

[Event "Your Next Move (Rapid)"]
[Site "Leuven BEL"]
[Date "2018.06.14"]
[EventDate "2018.06.12"]
[Round "8"]
[Result "1-0"]
[White "Maxime Vachier-Lagrave"]
[Black "Anish Giri"]
[WhiteElo "2789"]
[BlackElo "2782"]
[PlyCount "101"]

1. c4 e6 2. Nc3 d5 3. d4 Nf6 4. cxd5 Nxd5 5. e4 Nxc3 6. bxc3
c5 7. Nf3 cxd4 8. cxd4 Bb4+ 9. Bd2 Bxd2+ 10. Qxd2 O-O 11. Bc4
Nd7 12. O-O b6 13. Rfe1 Bb7 14. Rad1 Rc8 15. Bb3 Re8 16. h4 h6
17. Qf4 Qc7 18. Qxc7 Rxc7 19. d5 Nc5 20. d6 Rd7 21. Bc4 a6
22. e5 b5 23. Be2 f6 24. Rc1 Rc8 25. Rc2 Na4 26. Rxc8+ Bxc8
27. Nd4 fxe5 28. Nxb5 axb5 29. Bxb5 Ra7 30. Rc1 Nb6 31. Rxc8+
Nxc8 32. d7 Rxd7 33. Bxd7 Nb6 34. Bxe6+ Kf8 35. Bb3 Ke7 36. f3
Kd6 37. Kf2 Nd7 38. Ke3 Nc5 39. h5 Nd7 40. a4 Nf6 41. g4 Kc5
42. Kd3 Kb4 43. Bc2 Kc5 44. Kc3 Nd5+ 45. Kb3 Nf4 46. Be4 Ne2
47. a5 Nd4+ 48. Kc3 Kb5 49. a6 Kxa6 50. Kc4 Kb6 51. Kd5 1-0

[Event "Your Next Move (Rapid)"]
[Site "Leuven BEL"]
[Date "2018.06.14"]
[EventDate "2018.06.12"]
[Round "9"]
[Result "1/2-1/2"]
[White "Levon Aronian"]
[Black "Maxime Vachier-Lagrave"]
[WhiteElo "2764"]
[BlackElo "2789"]
[PlyCount "92"]

1. e4 c5 2. Nc3 d6 3. Nge2 Nf6 4. g3 g6 5. Bg2 Bg7 6. O-O O-O
7. d3 Nc6 8. h3 Rb8 9. f4 Nd7 10. Nd5 e6 11. Ne3 b5 12. f5 Bb7
13. c3 b4 14. Ng4 bxc3 15. bxc3 exf5 16. exf5 Nce5 17. Bxb7
Rxb7 18. Nh6+ Bxh6 19. Bxh6 Re8 20. Nf4 gxf5 21. Qh5 Qf6
22. Rae1 Rbb8 23. Re3 Kh8 24. Bg5 Qg7 25. Nd5 f6 26. Bh6 Qg6
27. Nf4 Qf7 28. Qxf5 Rb2 29. d4 cxd4 30. cxd4 Ng6 31. Ne6 Rg8
32. Rf2 Rxf2 33. Qxf2 Rc8 34. Qf5 Ne7 35. Qg4 Qg6 36. Nf4 Qxg4
37. hxg4 Ng8 38. g5 fxg5 39. Bxg5 Kg7 40. Re6 Rc6 41. Re8 Kf7
42. Rd8 Ngf6 43. Kg2 Rc2+ 44. Kh3 Rxa2 45. Bxf6 Nxf6 46. Rxd6
Rd2 1/2-1/2

[Event "Your Next Move (Blitz)"]
[Site "Leuven BEL"]
[Date "2018.06.15"]
[EventDate "2018.06.12"]
[Round "1"]
[Result "1/2-1/2"]
[White "Maxime Vachier-Lagrave"]
[Black "Alexander Grischuk"]
[WhiteElo "2789"]
[BlackElo "2766"]
[PlyCount "92"]

1. e4 e5 2. Nf3 Nc6 3. Bc4 Bc5 4. c3 Nf6 5. d3 d6 6. O-O a6
7. a4 h6 8. Re1 O-O 9. h3 a5 10. Nbd2 Be6 11. Bb5 Na7 12. d4
Nxb5 13. axb5 exd4 14. Nxd4 Bd7 15. Nf1 Bxd4 16. cxd4 Bxb5
17. Ng3 d5 18. e5 Ne4 19. Nxe4 dxe4 20. Rxe4 Qd5 21. Rh4 Ra6
22. Ra3 Rg6 23. Rg4 Rxg4 24. Qxg4 Bd7 25. Qh4 Bf5 26. Be3 b6
27. Rc3 c6 28. Qe7 Rc8 29. Qb7 b5 30. Rc5 Qd7 31. Qa6 a4
32. d5 cxd5 33. Rxc8+ Qxc8 34. Qxb5 Qd7 35. Qb4 Kh7 36. Bd4
Qc6 37. Bc3 Qc4 38. Qxc4 dxc4 39. f3 h5 40. g4 hxg4 41. hxg4
Be6 42. Kf2 Kg6 43. Ke3 f5 44. exf6 gxf6 45. Kd4 f5 46. Kc5
fxg4 1/2-1/2